Statistics for UK Rap v2

Click here to take the quiz!

General Stats

  • This quiz has been taken 135 times
  • The average score is 8 of 15

Answer Stats

HintAnswer% Correct
Two Birds No StonesDave
79%
"I've got 6 figures in my fucking bank account"J Hus
78%
SpursAJ Tracey
75%
Born in a duragJME
72%
Big SmokeSkepta
65%
Rated LegendCadet
58%
"she ugly like me"Mostack
57%
Enzo's OwnerStormzy
57%
GodfatherWiley
53%
The North FaceBugzy Malone
45%
ThumbM Huncho
35%
one of the top 10 FITBWretch 32
35%
Head of Essie GangOctavian
27%
Gally in Top BoyLittle Simz
26%
beats1Krept and Konan
19%

Score Distribution

Percentile by Number Answered

Percent of People with Each Score

Your Score History

You have not taken this quiz